UBT Library

International economics / (Record no. 1372)

000 -LEADER
fixed length control field 00577nam a22002057a 4500
008 - FIXED-LENGTH DATA ELEMENTS--GENERAL INFORMATION
fixed length control field 151119b xxu||||| |||| 00| 0 eng d
020 ## - INTERNATIONAL STANDARD BOOK NUMBER
International Standard Book Number 9780321594563
041 0# - LANGUAGE CODE
Language code of text/sound track or separate title eng
080 ## - UNIVERSAL DECIMAL CLASSIFICATION NUMBER
Universal Decimal Classification number 330
100 1# - Rafti
Rafti Husted, Steven L.
245 10 - TITLE STATEMENT
Title International economics /
Statement of responsibility, etc Steven Husted, Michael Melvin.
250 ## -
-- 8th ed.
260 ## -
-- Boston :
-- Addison-Wesley,
-- c2010.
300 ## -
-- xix, 570 f. :
-- me il.;
-- 24 cm.
650 #0 -
-- Marrëdhëniet ndërkombëtare
650 #0 -
-- Ekonomia
650 #0 -
-- Financat ndërkombëtare
700 1# -
-- Melvin, Michael,
942 ## - ADDED ENTRY ELEMENTS (KOHA)
Source of classification or shelving scheme
Item type Books
Holdings
Withdrawn status Lost status Source of classification or shelving scheme Damaged status Not for loan Collection code Permanent location Current location Shelving location Date acquired Total Checkouts Full call number Barcode Date last seen Koha item type
          Koleksioni i përgjithshem UBT - Lipjan UBT - Lipjan Koleksioni i përgjithshem 11/19/2015   330 HUS 002-008653 11/19/2015 Books
UBT Library © 2015-2024. All rights reserved University Education for Business and Technology